000 00708nam a2200181 a 4500
008 160520s2013 ||||||||||||||||| || u
020 _a9780415708586
050 _aNA 2543.S6 Wat
100 _aWates,Nick
245 1 0 _aCommunity architecture:how people are creating their own environment
_cby Nick Wates and Charles Knevitt
260 _aAbingdon,Oxon
_bRoutledge
_c2013
300 _a208p.: ill.
350 _a144.37
500 _aIncludes Bibliography and an index.
650 _aARCHITECTURE
650 _aARCHITECTS AND COMMUNITY
995 _FCBU-MAIN LIBRARY (Kitwe)
_I144.37
_M1
_UAVAILABLE
_WMay 26, 2016
_ZMain Library Open Access Collection
999 _c37946
_d37946